[Event "Women's Speed Chess Q8"]
[Site "chess.com INT"]
[Date "2021.06.06"]
[Round "4"]
[White "Priyanka, K"]
[Black "Nguyen, Hong Ngoc"]
[Result "1/2-1/2"]
[WhiteTitle "WIM"]
[BlackTitle "WCM"]
[WhiteElo "2218"]
[BlackElo "1957"]
[WhiteFideId "5082986"]
[BlackFideId "12403083"]
[EventDate "2021.06.06"]

1. e4 e5 2. Nf3 Nc6 3. Bb5 Bc5 4. O-O d6 5. c3 a6 6. Ba4 b5 7. Bb3 Nge7 8. d4
exd4 9. cxd4 Bb6 10. Ng5 d5 11. exd5 Nxd5 12. Re1+ Nce7 13. Qf3 O-O 14. Nc3 Bb7
15. Bd2 h6 16. Nh3 Bxd4 17. Rxe7 Bxc3 18. Bxc3 Nxc3 19. Qxb7 Qxe7 20. bxc3 Qe5
21. Qf3 Rad8 22. g3 Rd2 23. Nf4 b4 24. Rc1 bxc3 25. Qxc3 Qd6 26. Qf3 c5 27. Nd5
a5 28. Ne3 Qd4 29. Nc4 Rd3 30. Qf4 Qxf4 31. gxf4 Rf3 32. Ne5 Rxf4 33. Rxc5 a4
34. Bxf7+ R4xf7 35. Nxf7 Rxf7 36. Rc4 Ra7 37. Kf1 Kh7 38. Ke2 Kg6 39. Kd3 Kf5
40. Kc3 g5 41. Kb4 g4 42. Ka3 Kg5 43. Rxa4 Rb7 44. Rb4 Rf7 45. Rb2 Kh4 46. Kb3
Kh3 47. a4 Kxh2 48. f3+ Kh3 49. fxg4 Kxg4 50. a5 h5 51. Ka4 h4 52. a6 h3 53. Rb7
Rf1 54. a7 Ra1+ 55. Kb5 h2 56. Rh7 Kg3 57. Kb6 Kg2 58. Kb7 Rb1+ 59. Kc8 Ra1 60.
Kb8 Rb1+ 61. Kc8 Ra1 62. Kb8 Rb1+ 63. Kc8 1/2-1/2

[Event "Women's Speed Chess Q8"]
[Site "chess.com INT"]
[Date "2021.06.06"]
[Round "4"]
[White "Sliwicka, Alicja"]
[Black "Paehtz, Elisabeth"]
[Result "1-0"]
[WhiteTitle "WIM"]
[BlackTitle "IM"]
[WhiteElo "2308"]
[BlackElo "2456"]
[WhiteFideId "1150677"]
[BlackFideId "4641833"]
[EventDate "2021.06.06"]

1. e4 c5 2. Nf3 d6 3. d4 cxd4 4. Nxd4 Nf6 5. Nc3 a6 6. Bd3 e5 7. Nde2 Be7 8. O-O
O-O 9. f4 Qc7 10. fxe5 dxe5 11. Kh1 Be6 12. Bg5 Ng4 13. Qd2 Bxg5 14. Qxg5 h6 15.
Qh4 Qd8 16. Qg3 Nc6 17. Rad1 Qg5 18. Nd5 Bxd5 19. exd5 Ne7 20. d6 Nc6 21. Rf5
Qg6 22. Rxe5 Qxd6 23. Bh7+ Kxh7 24. Rxd6 Ngxe5 25. Nd4 Rad8 26. Rxd8 Rxd8 27. c3
Nxd4 28. Qxe5 Nc6 29. Qe4+ g6 30. h3 Kg7 31. b4 Rd2 32. a4 Nd8 33. b5 axb5 34.
axb5 Rd7 35. c4 Ne6 36. Qe5+ Kf8 37. Qh8+ Ke7 38. Qxh6 Rc7 39. Qh4+ g5 40. Qe4
b6 41. g3 Kf6 42. h4 gxh4 43. gxh4 Rd7 44. Qc6 Rd1+ 45. Kg2 Rd2+ 46. Kf1 Rd1+
47. Kf2 Rd2+ 48. Ke1 Rd4 49. Qxb6 Rxc4 50. Qa7 Re4+ 51. Kf2 Rf4+ 52. Kg3 Rb4 53.
b6 Ng7 54. b7 Nf5+ 55. Kf2 Rb2+ 56. Ke1 Rb1+ 57. Kd2 Rb2+ 58. Kc1 Rxb7 59. Qxb7
Nxh4 60. Qb6+ Kg5 61. Qd8+ f6 62. Kd2 Ng6 63. Ke3 Ne5 64. Qg8+ Kf5 65. Qh7+ Ke6
66. Kf4 Nf7 67. Qe4+ Ne5 68. Qc2 Nf7 69. Qb3+ Ke7 70. Qb4+ Nd6 71. Qc5 Ke6 72.
Qe3+ Kf7 73. Qd4 Ke6 74. Qd2 Nf7 75. Qe2+ Ne5 76. Qh5 Nf7 77. Qg6 Ne5 78. Qf5+
Kf7 79. Qc8 Kg6 80. Qg8+ Kh6 81. Kf5 Nf3 82. Qg6# 1-0

[Event "Women's Speed Chess Q8"]
[Site "chess.com INT"]
[Date "2021.06.06"]
[Round "5"]
[White "Antolak, Julia"]
[Black "Paehtz, Elisabeth"]
[Result "1-0"]
[WhiteTitle "WIM"]
[BlackTitle "IM"]
[WhiteElo "2309"]
[BlackElo "2456"]
[WhiteFideId "1159569"]
[BlackFideId "4641833"]
[EventDate "2021.06.06"]

1. e4 g6 2. d4 Bg7 3. Nc3 d6 4. Bg5 a6 5. f4 b5 6. Nf3 Nd7 7. Qd2 c5 8. O-O-O b4
9. Ne2 Qa5 10. Kb1 Rb8 11. Nc1 Qb6 12. Bc4 Ngf6 13. Rhe1 h6 14. Bh4 cxd4 15. e5
dxe5 16. fxe5 Ng4 17. e6 fxe6 18. Rxe6 Qc5 19. Rxg6 Bf6 20. Rxg4 Qxc4 21. Bxf6
Nxf6 22. Rxd4 1-0

[Event "Women's Speed Chess Q8"]
[Site "chess.com INT"]
[Date "2021.06.06"]
[Round "5"]
[White "Hng, Mei-En Emmanuelle"]
[Black "Zhuravleva, Olga"]
[Result "0-1"]
[WhiteTitle "WFM"]
[BlackTitle "WIM"]
[WhiteElo "2013"]
[BlackElo "2278"]
[WhiteFideId "5804566"]
[BlackFideId "4145933"]
[EventDate "2021.06.06"]

1. e4 e5 2. d4 exd4 3. c3 d5 4. exd5 Qxd5 5. cxd4 Nc6 6. Nf3 Nf6 7. Nc3 Bb4 8.
Bd2 Qh5 9. Be2 Bg4 10. h3 O-O 11. O-O Bxf3 12. Bxf3 Qf5 13. a3 Bd6 14. Nb5 Qxb5
15. b4 Nxd4 16. Bc3 Qe5 0-1

[Event "Women's Speed Chess Q8"]
[Site "chess.com INT"]
[Date "2021.06.06"]
[Round "5"]
[White "Gunina, Valentina"]
[Black "Papp, Petra"]
[Result "1-0"]
[WhiteTitle "GM"]
[BlackTitle "WGM"]
[WhiteElo "2436"]
[BlackElo "2336"]
[WhiteFideId "4167570"]
[BlackFideId "739049"]
[EventDate "2021.06.06"]

1. d4 Nf6 2. c4 g6 3. Nc3 d5 4. cxd5 Nxd5 5. e4 Nxc3 6. bxc3 Bg7 7. Bc4 c5 8.
Ne2 Nc6 9. Be3 O-O 10. O-O Qc7 11. Rc1 b6 12. Qd2 Bb7 13. d5 Rad8 14. Bf4 e5 15.
Bg3 Na5 16. Bd3 c4 17. Bc2 Bc8 18. f4 exf4 19. Bxf4 Be5 20. Nd4 Bxf4 21. Rxf4 f6
22. Rcf1 Qe7 23. Qf2 Kg7 24. h4 h5 25. Qg3 Qe5 26. R1f2 Bg4 27. Kh2 Nb7 28. Nc6
Qe8 29. Nxd8 Nxd8 30. e5 Qxe5 31. Rd4 Qxg3+ 32. Kxg3 Nf7 33. Rxc4 Rd8 34. Rc7
Kf8 35. Bxg6 Ne5 36. Be4 1-0

[Event "Women's Speed Chess Q8"]
[Site "chess.com INT"]
[Date "2021.06.06"]
[Round "5"]
[White "Tokhirjonova, Gulrukhbegim"]
[Black "Bivol, Alina"]
[Result "0-1"]
[WhiteTitle "WGM"]
[BlackTitle "WGM"]
[WhiteElo "2344"]
[BlackElo "2374"]
[WhiteFideId "14203626"]
[BlackFideId "4100123"]
[EventDate "2021.06.06"]

1. e4 e6 2. d4 d5 3. e5 c5 4. c3 Nc6 5. Nf3 Bd7 6. Be2 Rc8 7. O-O cxd4 8. cxd4
Nge7 9. Nc3 Ng6 10. Be3 Be7 11. g3 O-O 12. h4 f6 13. h5 Nh8 14. exf6 Bxf6 15.
Qd2 Nf7 16. h6 a6 17. hxg7 Bxg7 18. Kg2 e5 19. dxe5 Ncxe5 20. Bd4 Bc6 21. Rh1
Nxf3 22. Bxf3 Ng5 23. Bg4 Rc7 24. f3 Bxd4 25. Qxd4 Qf6 26. Qxf6 Rxf6 27. Rh5 h6
28. Rd1 d4 29. Rxd4 Nxf3 30. Rd8+ Kg7 31. Nd5 Bxd5 32. Rhxd5 Rc2+ 33. Kf1 Nh2+
34. Ke1 Rf1# 0-1

[Event "Women's Speed Chess Q8"]
[Site "chess.com INT"]
[Date "2021.06.06"]
[Round "5"]
[White "Kashlinskaya, Alina"]
[Black "Ouellet, Maili-Jade"]
[Result "1-0"]
[WhiteTitle "IM"]
[BlackTitle "WGM"]
[WhiteElo "2494"]
[BlackElo "2257"]
[WhiteFideId "4198026"]
[BlackFideId "2620472"]
[EventDate "2021.06.06"]

1. d4 d5 2. c4 e6 3. Nc3 c6 4. e4 dxe4 5. Nxe4 Bb4+ 6. Bd2 Qxd4 7. Bxb4 Qxe4+ 8.
Be2 Na6 9. Ba5 b6 10. Qd6 Ne7 11. O-O-O f6 12. Bc3 Kf7 13. Bh5+ g6 14. Bf3 Qxc4
15. Ne2 Nc5 16. Nd4 Qxa2 17. Nxc6 Nb3+ 18. Kc2 Nxc6 19. Bxc6 Ba6 20. Qc7+ Kf8
21. Rd8+ Rxd8 22. Qxd8+ Kg7 23. Qxf6+ Kh6 24. Qh4# 1-0

[Event "Women's Speed Chess Q8"]
[Site "chess.com INT"]
[Date "2021.06.06"]
[Round "5"]
[White "February, Jesse Nikki"]
[Black "Corrales Jimenez, Zenia"]
[Result "0-1"]
[WhiteTitle "WIM"]
[BlackTitle "WIM"]
[WhiteElo "1863"]
[BlackElo "2189"]
[WhiteFideId "14312336"]
[BlackFideId "3506355"]
[EventDate "2021.06.06"]

1. e4 c5 2. Nf3 Nc6 3. d4 cxd4 4. Nxd4 Nf6 5. Nc3 d6 6. Be2 e6 7. Be3 Be7 8. O-O
O-O 9. Nb3 a6 10. a4 Bd7 11. f4 Qc7 12. h3 Nb4 13. a5 Bc6 14. Bf3 d5 15. e5 Ne4
16. Nxe4 dxe4 17. Bb6 Qc8 18. Bg4 Bb5 19. Re1 Qxc2 20. Rxe4 Qxe4 21. Bf3 Qxf4
22. Bxb7 Rab8 23. Bf3 Qxe5 24. Rc1 Qxb2 25. Bc7 Nd3 26. Rc2 Qxb3 27. Bxb8 Nb4 0-1

[Event "Women's Speed Chess Q8"]
[Site "chess.com INT"]
[Date "2021.06.06"]
[Round "5"]
[White "Sviridova, Vlada"]
[Black "Grigoryan, Meri"]
[Result "1-0"]
[WhiteTitle "WFM"]
[BlackTitle "WFM"]
[WhiteElo "2144"]
[BlackElo "2044"]
[WhiteFideId "24109606"]
[BlackFideId "13300571"]
[EventDate "2021.06.06"]

1. d4 d5 2. c4 e5 3. dxe5 d4 4. Nf3 Nc6 5. a3 a5 6. g3 Nge7 7. Bg2 Ng6 8. Bg5 f6
9. exf6 gxf6 10. Bc1 Be6 11. Nbd2 d3 12. O-O Be7 13. exd3 Qxd3 14. Re1 Kf7 15.
Bf1 Qf5 16. Qb3 Rab8 17. Bd3 Qc5 18. Ne4 Qb6 19. Qc2 Kg7 20. Be3 Qa6 21. Bc5
Rhe8 22. Bxe7 Rxe7 23. Nc5 Qb6 24. Nxe6+ Kf7 25. Bxg6+ hxg6 26. Nf4 Ne5 27.
Nxe5+ fxe5 28. Nd5 Qe6 29. Nxe7 1-0

[Event "Women's Speed Chess Q8"]
[Site "chess.com INT"]
[Date "2021.06.06"]
[Round "5"]
[White "Kulkarni, Bhakti"]
[Black "Sliwicka, Alicja"]
[Result "1-0"]
[WhiteTitle "IM"]
[BlackTitle "WIM"]
[WhiteElo "2391"]
[BlackElo "2308"]
[WhiteFideId "5019516"]
[BlackFideId "1150677"]
[EventDate "2021.06.06"]

1. d4 Nf6 2. Nf3 c5 3. d5 e6 4. c4 b5 5. Nc3 b4 6. Nb1 exd5 7. cxd5 Bb7 8. g3
Bxd5 9. Bg2 Be7 10. O-O O-O 11. Bg5 Bc6 12. Nbd2 h6 13. Bf4 Nd5 14. Be5 d6 15.
Bf4 Nxf4 16. gxf4 Bf6 17. Qc2 Nd7 18. Rad1 d5 19. e4 dxe4 20. Nxe4 Bxe4 21. Qxe4
Qc7 22. Rd2 Nb6 23. Rfd1 Rad8 24. b3 Rfe8 25. Qf5 Rxd2 26. Rxd2 Qe7 27. h3 c4
28. bxc4 Nxc4 29. Rd7 Qe2 30. Rxa7 Rd8 31. Rd7 Rf8 32. Qb5 Qxa2 33. Qxb4 Nb2 34.
Ne5 Qa1+ 35. Kh2 Nd1 36. Nxf7 Nxf2 37. Bd5 Nd3 38. Ng5+ 1-0

[Event "Women's Speed Chess Q8"]
[Site "chess.com INT"]
[Date "2021.06.06"]
[Round "5"]
[White "Pandey, Srishti"]
[Black "Ambartsumova, Karina"]
[Result "0-1"]
[WhiteTitle "WFM"]
[BlackTitle "IM"]
[WhiteElo "2026"]
[BlackElo "2382"]
[WhiteFideId "35093290"]
[BlackFideId "4166299"]
[EventDate "2021.06.06"]

1. e4 c5 2. Nf3 e6 3. d3 Nc6 4. Be2 g6 5. O-O Bg7 6. c3 e5 7. Nbd2 Nge7 8. Nc4
d5 9. exd5 Nxd5 10. Ne3 Nf4 11. Nc4 Nxe2+ 12. Qxe2 O-O 13. Bg5 f6 14. Be3 b6 15.
Rad1 Re8 16. Rfe1 Ba6 17. b3 Qc7 18. Qc2 Rad8 19. d4 exd4 20. cxd4 cxd4 21. Bc1
Rxe1+ 22. Nxe1 Ne5 23. Nd2 Qxc2 24. Nxc2 Be2 25. Re1 d3 26. Ne3 f5 27. g3 Nc6
28. Kg2 Bc3 29. f3 Nd4 30. f4 Bxd2 31. Bxd2 Nf3 32. Nc4 Nxe1+ 33. Bxe1 b5 34.
Nd2 Re8 35. Kf2 Bd1 36. a4 bxa4 37. bxa4 Bxa4 38. Nc4 Re2+ 39. Kf1 Bb5 40. Nd6
Ba6 41. Bb4 d2 0-1

[Event "Women's Speed Chess Q8"]
[Site "chess.com INT"]
[Date "2021.06.06"]
[Round "5"]
[White "Gaponenko, Inna"]
[Black "Vantika, Agrawal"]
[Result "1-0"]
[WhiteTitle "IM"]
[BlackTitle "WIM"]
[WhiteElo "2357"]
[BlackElo "2286"]
[WhiteFideId "14101181"]
[BlackFideId "25050389"]
[EventDate "2021.06.06"]

1. e4 c5 2. c3 d6 3. d4 Nf6 4. Bd3 cxd4 5. cxd4 g6 6. Nc3 Bg7 7. Nf3 O-O 8. O-O
Bg4 9. h3 Bxf3 10. Qxf3 Nc6 11. Be3 Nd7 12. Ne2 Nde5 13. dxe5 Nxe5 14. Qg3 Nxd3
15. Bd4 Ne5 16. f4 Nc6 17. Bxg7 Kxg7 18. b3 Qb6+ 19. Kh2 Rac8 20. Nc3 Qa5 21.
Rac1 Nb4 22. a4 d5 23. f5 dxe4 24. fxg6 hxg6 25. Nxe4 Nc6 26. Rc5 Qc7 27. Rf4
Rcd8 28. Rxf7+ Rxf7 29. Qxc7 e5 30. Rxc6 1-0

[Event "Women's Speed Chess Q8"]
[Site "chess.com INT"]
[Date "2021.06.06"]
[Round "5"]
[White "Bodnaruk, Anastasia"]
[Black "Cyfka, Karina"]
[Result "1-0"]
[WhiteTitle "IM"]
[BlackTitle "IM"]
[WhiteElo "2446"]
[BlackElo "2417"]
[WhiteFideId "4181751"]
[BlackFideId "1122681"]
[EventDate "2021.06.06"]

1. e4 e5 2. Nf3 Nc6 3. Bb5 a6 4. Ba4 Nf6 5. O-O Be7 6. Re1 b5 7. Bb3 O-O 8. a4
b4 9. a5 d6 10. d3 h6 11. c3 Rb8 12. h3 Be6 13. Nbd2 Nd7 14. d4 Bxb3 15. Nxb3
Bf6 16. d5 Ne7 17. c4 g5 18. Nh2 Bg7 19. Qh5 f5 20. exf5 Nxf5 21. Ng4 Nf6 22.
Nxf6+ Qxf6 23. Qe2 Nd4 24. Nxd4 exd4 25. Qe6+ Qxe6 26. dxe6 Rbe8 27. Bd2 c5 28.
e7 Rf7 29. Re6 Rf6 30. Rae1 Kf7 31. R6e4 Rg6 32. f4 gxf4 33. Bxf4 d3 34. b3 Bd4+
35. Kh2 h5 36. g3 Rf6 37. Rd1 Re6 38. Rxe6 Kxe6 39. Bg5 Kf5 40. h4 Ke4 41. Kg2
Bc3 42. g4 hxg4 43. Kg3 d5 44. cxd5 Kxd5 45. Rxd3+ Kc6 46. Rd8 Be5+ 47. Kxg4
Rxe7 48. Bxe7 c4 49. bxc4 b3 50. Ba3 b2 51. Rd1 1-0

[Event "Women's Speed Chess Q8"]
[Site "chess.com INT"]
[Date "2021.06.06"]
[Round "5"]
[White "Nemcova, Katerina"]
[Black "Yu, Jennifer"]
[Result "1-0"]
[WhiteTitle "WGM"]
[BlackTitle "FM"]
[WhiteElo "2331"]
[BlackElo "2316"]
[WhiteFideId "322750"]
[BlackFideId "2078341"]
[EventDate "2021.06.06"]

1. e4 g6 2. Nf3 Bg7 3. d4 d6 4. Be2 Nf6 5. Nc3 a6 6. O-O O-O 7. a4 b6 8. e5 dxe5
9. dxe5 Qxd1 10. Rxd1 Ng4 11. Bf4 Nc6 12. Nd5 e6 13. Nf6+ Nxf6 14. exf6 Bxf6 15.
Bxc7 Nb4 16. Bd6 Nxc2 17. Rac1 Rd8 18. Rxc2 Bb7 19. Rcd2 Rac8 20. h3 Bd5 21. Be5
Bxe5 22. Nxe5 a5 23. Ba6 Rc5 24. Bc4 f6 25. Bxd5 exd5 26. Nf3 Kf7 27. Nd4 Rc4
28. b3 Rc3 29. Re2 Rdc8 30. Nb5 Rc1 31. Nd6+ Kf8 32. Rxc1 Rxc1+ 33. Kh2 Rb1 34.
Re3 f5 35. Nb5 Rd1 36. Kg3 d4 37. Re6 Rd3+ 38. f3 Rxb3 39. Rxb6 d3 40. Rd6 Ke7
41. Rd4 Ke6 42. Kf4 h6 43. Rd6+ Kf7 44. Rd4 Kf6 45. g4 g5+ 46. Ke3 d2+ 47. Ke2
fxg4 48. hxg4 Rb4 49. Rxb4 axb4 50. Kxd2 1-0

[Event "Women's Speed Chess Q8"]
[Site "chess.com INT"]
[Date "2021.06.06"]
[Round "5"]
[White "Arpita, Mukherjee"]
[Black "Dordzhieva, Dinara"]
[Result "1/2-1/2"]
[WhiteTitle "WIM"]
[BlackTitle "WGM"]
[WhiteElo "2206"]
[BlackElo "2311"]
[WhiteFideId "5056403"]
[BlackFideId "24157570"]
[EventDate "2021.06.06"]

1. e4 c5 2. Nf3 Nc6 3. Bb5 d6 4. d4 cxd4 5. Qxd4 Bd7 6. Bxc6 Bxc6 7. c4 h6 8.
Nc3 e5 9. Qd3 Nf6 10. O-O a6 11. a4 Be7 12. b3 O-O 13. Ba3 Qc7 14. Rfd1 Rad8 15.
Rac1 Nd7 16. b4 Nf6 17. b5 Be8 18. Nd2 Rc8 19. Nd5 Nxd5 20. cxd5 Qd8 21. Rxc8
Qxc8 22. Nc4 axb5 23. Nxd6 Bxd6 24. Bxd6 bxa4 25. Bxf8 Kxf8 26. Qa3+ Kg8 27. Qe7
Bd7 28. Qxe5 Qc2 29. Ra1 b5 30. h3 Qc4 31. Qb8+ Kh7 32. Qf4 f6 33. Qd2 b4 34.
Rc1 Qxe4 35. Re1 Qc4 36. Re7 Bf5 37. d6 b3 38. d7 Bxd7 39. Qxd7 Qc1+ 40. Kh2
Qf4+ 41. Kg1 Qc1+ 42. Kh2 Qf4+ 43. Kh1 Qc1+ 44. Kh2 1/2-1/2

[Event "Women's Speed Chess Q8"]
[Site "chess.com INT"]
[Date "2021.06.06"]
[Round "5"]
[White "Socko, Monika"]
[Black "Komiagina, Maria"]
[Result "1-0"]
[WhiteTitle "GM"]
[BlackTitle "WIM"]
[WhiteElo "2393"]
[BlackElo "2241"]
[WhiteFideId "1106619"]
[BlackFideId "4153987"]
[EventDate "2021.06.06"]

1. e4 c5 2. Nf3 Nc6 3. Bb5 e6 4. Bxc6 bxc6 5. O-O Ne7 6. b3 Ng6 7. Bb2 f6 8. d4
cxd4 9. Qxd4 Be7 10. Nbd2 Qb6 11. c4 O-O 12. Qc3 Bb4 13. Qc2 a5 14. a3 Bc5 15.
g3 Ba6 16. Kg2 Rac8 17. Bc3 d5 18. b4 Be7 19. Rfb1 Qa7 20. c5 e5 21. Nb3 d4 22.
Bd2 a4 23. Na5 Bb5 24. Nc4 Qa6 25. Nb6 Rcd8 26. Qa2+ Kh8 27. Re1 Qb7 28. Qc2 Qa6
29. Rac1 h6 30. h4 Kh7 31. h5 Nh8 32. Nh4 f5 33. Nxf5 Rxf5 34. exf5 Bf6 35. Qe4
Nf7 36. Qg4 Kg8 37. f4 exf4 38. Bxf4 d3 39. Rcd1 Bc4 40. Re6 Bxe6 41. fxe6 Ng5
42. Rd2 Qb7 43. Qf5 Qe7 44. Nc4 Qxe6 45. Qxe6+ Nxe6 46. Bd6 Bg5 47. Rxd3 Bf6 48.
Nb6 Ng5 49. Nxa4 Ne4 50. Nb6 1-0

[Event "Women's Speed Chess Q8"]
[Site "chess.com INT"]
[Date "2021.06.06"]
[Round "5"]
[White "Kanyamarala, Trisha"]
[Black "Belenkaya, Dina"]
[Result "1/2-1/2"]
[WhiteTitle "WIM"]
[BlackTitle "WGM"]
[WhiteElo "2180"]
[BlackElo "2341"]
[WhiteFideId "45004722"]
[BlackFideId "24142654"]
[EventDate "2021.06.06"]

1. d4 d5 2. c4 dxc4 3. Nc3 Nf6 4. e4 e5 5. d5 a6 6. Bxc4 Bd6 7. a4 O-O 8. Nf3
Nbd7 9. O-O Re8 10. Bg5 h6 11. Bh4 Nf8 12. Re1 Ng6 13. Bg3 Nf4 14. Bxf4 exf4 15.
e5 Bg4 16. exd6 Rxe1+ 17. Qxe1 Bxf3 18. gxf3 Qxd6 19. Ne4 Qe5 20. Nxf6+ Qxf6 21.
Qc3 Qg5+ 22. Kh1 Re8 23. Rg1 Qe5 24. Qxe5 Rxe5 25. Rc1 Kf8 26. Kg2 Ke7 27. Kf1
Kd6 28. b4 Rh5 29. Kg2 Rg5+ 30. Kh3 Rh5+ 31. Kg4 Rxh2 32. Kxf4 Rxf2 33. b5 axb5
34. Bxb5 g5+ 35. Ke3 Rh2 36. Rc3 f5 37. Bd3 f4+ 38. Ke4 Rf2 39. Bb5 h5 40. Kf5
Rg2 41. Rc1 h4 42. Rh1 Rg3 43. Bd3 Kxd5 44. Be4+ Kd4 45. Rd1+ Ke3 46. Rd7 Rg1
47. Rxc7 Ra1 48. Rxb7 Rxa4 49. Kxg5 h3 50. Rh7 Ra5+ 51. Kg4 Ra8 52. Rxh3 Rg8+
53. Kh4 Rh8+ 54. Kg4 Rg8+ 55. Kh5 Rh8+ 56. Kg4 Rg8+ 1/2-1/2

[Event "Women's Speed Chess Q8"]
[Site "chess.com INT"]
[Date "2021.06.06"]
[Round "5"]
[White "Buksa, Nataliya"]
[Black "Agrest, Inna"]
[Result "1-0"]
[WhiteTitle "IM"]
[BlackTitle "WIM"]
[WhiteElo "2413"]
[BlackElo "2285"]
[WhiteFideId "14123622"]
[BlackFideId "1708830"]
[EventDate "2021.06.06"]

1. d4 Nf6 2. Nc3 d5 3. Bf4 g6 4. e3 Bg7 5. h4 O-O 6. h5 c5 7. hxg6 hxg6 8. Nf3
Nc6 9. Ne5 Qb6 10. Na4 Qa5+ 11. c3 c4 12. Nxc6 bxc6 13. Nc5 Qb6 14. Qd2 Bf5 15.
f3 Rfe8 16. g4 Bc8 17. Be5 Nd7 18. Bxg7 Kxg7 19. Qh2 Nxc5 20. g5 Bh3 21. dxc5
Qxc5 22. Bxh3 Qxe3+ 23. Qe2 Qf4 24. Kf2 e5 25. Bg4 Rh8 26. Kg2 e4 27. Qf2 exf3+
28. Qxf3 Qxg5 29. Qg3 Rae8 30. Bf3 Qd2+ 31. Qf2 Qg5+ 32. Qg3 Qd2+ 33. Qf2 Qg5+
34. Kf1 Rxh1+ 35. Bxh1 Re5 36. Bf3 1-0

[Event "Women's Speed Chess Q8"]
[Site "chess.com INT"]
[Date "2021.06.06"]
[Round "5"]
[White "Padmini, Rout"]
[Black "Gevorgyan, Maria"]
[Result "0-1"]
[WhiteTitle "IM"]
[BlackTitle "WGM"]
[WhiteElo "2370"]
[BlackElo "2219"]
[WhiteFideId "5029295"]
[BlackFideId "13300270"]
[EventDate "2021.06.06"]

1. e4 c5 2. Nf3 Nc6 3. Nc3 g6 4. d4 cxd4 5. Nxd4 Bg7 6. Be3 Nf6 7. Bc4 O-O 8.
Bb3 Re8 9. O-O d6 10. h3 Na5 11. Qd2 b6 12. Bh6 Bb7 13. Rfe1 Bh8 14. Rad1 Rc8
15. Ne6 Nxb3 16. Nxd8 Nxd2 17. Nxb7 Nc4 18. Nb5 a6 19. N5xd6 Nxd6 20. Nxd6 exd6
21. Rxd6 Rxc2 22. Rxb6 Nd7 23. Rxa6 Rxb2 24. Ra7 Nc5 25. e5 Nd3 26. e6 fxe6 27.
Rd1 Be5 28. g4 Nxf2 29. Rdd7 Nxh3+ 30. Kf1 Rc8 31. Rxh7 Rf2+ 32. Ke1 Bc3+ 33.
Kd1 Rd8+ 34. Kc1 Bb2+ 35. Kb1 Rd1+ 0-1

[Event "Women's Speed Chess Q8"]
[Site "chess.com INT"]
[Date "2021.06.06"]
[Round "5"]
[White "Kulon, Klaudia"]
[Black "Szente Varga, Fruzsina"]
[Result "1-0"]
[WhiteTitle "IM"]
[BlackTitle "WFM"]
[WhiteElo "2363"]
[BlackElo "2100"]
[WhiteFideId "1131044"]
[BlackFideId "712264"]
[EventDate "2021.06.06"]

1. c4 e5 2. g3 g6 3. Bg2 Bg7 4. Nc3 c6 5. e3 Ne7 6. Nge2 O-O 7. O-O f5 8. d4 e4
9. d5 d6 10. Rb1 c5 11. h3 Nd7 12. b3 Ne5 13. h4 h6 14. Bb2 g5 15. hxg5 hxg5 16.
f4 Ng4 17. Qd2 gxf4 18. Nxf4 Nxe3 19. Rfe1 Nxg2 20. Kxg2 Qe8 21. Nb5 Qd8 22.
Bxg7 Kxg7 23. Qb2+ Kf7 24. Rh1 a6 25. Na3 Rg8 26. Rh7+ Ke8 27. Rbh1 Kd7 28. Qf6
Rf8 29. Qe6+ Kc7 30. Qxe7+ Qxe7 31. Rxe7+ Kb6 32. Rh6 Ka5 33. Nc2 b5 34. Rxd6
bxc4 35. bxc4 Rb8 36. Ne3 Rb2+ 37. Kg1 Rxa2 38. Rc6 Kb4 39. Rec7 Rh8 40. Rxc8
Rhh2 41. Rb8+ Kc3 42. Rcb6 Rhd2 43. Nf1 Rdc2 44. d6 e3 45. d7 e2 46. Nxe2+ Rxe2
47. d8=Q Rg2+ 48. Kh1 Rgf2 49. Rb3+ Kxc4 50. Qd3# 1-0

[Event "Women's Speed Chess Q8"]
[Site "chess.com INT"]
[Date "2021.06.06"]
[Round "5"]
[White "Torres Hernandez, Leslie Carolin"]
[Black "Jakubowska, Anna"]
[Result "0-1"]
[WhiteTitle "WFM"]
[BlackTitle "WIM"]
[WhiteElo "1884"]
[BlackElo "2073"]
[WhiteFideId "8400504"]
[BlackFideId "1121952"]
[EventDate "2021.06.06"]

1. e4 Nf6 2. e5 Nd5 3. Nc3 Nxc3 4. dxc3 d6 5. exd6 cxd6 6. Bd3 g6 7. Nf3 Bg7 8.
O-O O-O 9. Bf4 Nc6 10. Re1 Re8 11. Bc4 e5 12. Be3 a6 13. Ng5 Re7 14. Ne4 Bf5 15.
Bg5 Bxe4 16. Rxe4 Qc7 17. Bxe7 Nxe7 18. Bb3 Rd8 19. Qf3 d5 20. Ree1 e4 21. Qg3
Qc6 22. Rad1 f5 23. h4 b5 24. h5 gxh5 25. Qg5 Qf6 26. Qxh5 Kh8 27. Re3 Bh6 28.
Rh3 Kg7 29. Kh1 Rd6 30. Rg1 Kh8 31. Qe8+ Bf8 32. a4 Ng6 33. g3 Ne5 34. Kg2 Re6
35. Rgh1 Rxe8 36. Rxh7+ Kg8 37. Bxd5+ Re6 38. Bxe6+ Qxe6 39. Rh8+ Kf7 40. R1h7+
Ke8 41. Ra7 Nd7 42. Ra8+ Ke7 43. Rh7+ Kf6 44. Rd8 Ne5 45. Rxf8+ Kg6 46. Rfh8 Nf7 0-1

[Event "Women's Speed Chess Q8"]
[Site "chess.com INT"]
[Date "2021.06.06"]
[Round "5"]
[White "Babiy, Olga"]
[Black "Batsiashvili, Nino"]
[Result "1-0"]
[WhiteTitle "WGM"]
[BlackTitle "GM"]
[WhiteElo "2280"]
[BlackElo "2491"]
[WhiteFideId "14117258"]
[BlackFideId "13602993"]
[EventDate "2021.06.06"]

1. d4 f5 2. Qd3 d6 3. Nc3 e5 4. dxe5 dxe5 5. Qxd8+ Kxd8 6. Nf3 e4 7. Ne5 Be6 8.
Bf4 Nd7 9. O-O-O Nf6 10. Nb5 c6 11. Nd4 Ke7 12. Nxd7 Bxd7 13. e3 g6 14. Bc4 Bg7
15. Nb3 Rhd8 16. Bc7 Rdc8 17. Be5 b6 18. Rd2 b5 19. Bd6+ Ke8 20. Be2 Be6 21. Nc5
Bd5 22. b3 Bf8 23. Bxf8 Kxf8 24. c4 bxc4 25. bxc4 Bf7 26. Nd7+ Nxd7 27. Rxd7 h5
28. Rhd1 Be8 29. Rh7 c5 30. Rd6 Rc6 31. Rxc6 Bxc6 32. Rc7 Be8 33. Rxc5 Ke7 34.
Kc2 Kd6 35. Rd5+ Ke6 36. Kc3 Bc6 37. Ra5 Bb7 38. Bd1 Bc6 39. Bb3 Kd6 40. Ra6 Kc7
41. Kd4 Kb7 42. Ra5 Rd8+ 43. Kc3 Rd6 44. Re5 Rf6 45. Re7+ Kb6 46. Rg7 f4 47. Kb4
fxe3 48. c5+ Ka6 49. Bc4+ Bb5 50. Bxb5# 1-0